| 000 | 00576nam a22001817a 4500 | ||
|---|---|---|---|
| 005 | 20240708163133.0 | ||
| 010 | _aENG-140839 | ||
| 020 |
_a9789390366910 _c900.00 |
||
| 035 | _aEN-124371 | ||
| 037 | _bDBAD | ||
| 082 | _21 | ||
| 245 |
_aAtma-Nirbhar Bharat: _bTowards a Self Reliant India/ _cEdited By Sunil Vashisht |
||
| 260 |
_aNew Delhi _bPrabhat Prakashan _c2021 |
||
| 270 |
_a4/19 Asaf Ali Road _bNew Delhi _e110002 _mprabhatbooks@gmail.com |
||
| 300 |
_a446p. _c25cm(hbk) |
||
| 700 |
_a Vashisht, Sunil _eEditor _968253 |
||
| 942 |
_2ddc _cEN _h954 _mATM |
||
| 999 |
_c204032 _d204032 |
||